| 000 | 00564nam a22001697a 4500 | ||
|---|---|---|---|
| 003 | OSt | ||
| 005 | 20251211073133.0 | ||
| 008 | 251211b |||||||| |||| 00| 0 eng d | ||
| 020 | _a978-0-689-87132-0 | ||
| 040 |
_aDWCL - Main Lib _cOC |
||
| 082 | _aFic. D615b 2008 | ||
| 100 | _aDiterlizzi, Tony and Holly, Black | ||
| 245 |
_aBeyond the spiderwick chronicles 2: _ba giant problem / _cTony Diterlizzi and Black Holly |
||
| 260 |
_aNew York: _bSimon and Schuster books for young readers, _cc2008. |
||
| 300 |
_a154 p.: _bill.; _c18 cm. |
||
| 942 |
_2ddc _cFIC. _mFic. _n0 |
||
| 999 |
_c7045 _d7045 |
||